00239nam a22001097a 4500003000400000020001800004082001500022100001800037245004700055260001900102300000800121SGT a9781597497428 a614.1bWAT aWATSON, DAVID aDIGITAL FORENSIC PROCESSING AND PROCEDURES bELSEVIERc2013 a857